| 000 | 01204nam a22002897a 4500 | ||
|---|---|---|---|
| 999 |
_c29506 _d29477 |
||
| 003 | EG-ScBUE | ||
| 005 | 20210927124122.0 | ||
| 008 | 210926s2016 ua f 000 j ara d | ||
| 040 |
_aEG-ScBUE _bara _erda _cEG-ScBUE _dEG-ScBUE |
||
| 043 | _af-ua--- | ||
| 082 | 0 | 4 |
_a892.736 _bز ا هـ _222 |
| 100 | 1 |
_aزاهد، ساروش، _eمؤلف. |
|
| 245 | 1 | 0 |
_aأوقات مصرية : _bإطلالة من ضفاف نهر النيل / _cتأليف ساروش زاهد، نديا زاهد ؛ ترجمة هشام زغلول. |
| 264 | 1 |
_a[القاهرة] : _bمركز جامعة القاهرة للغات والترجمة، _c2016. |
|
| 300 |
_a88 صفحة ؛ _c16 سم |
||
| 336 |
_2rdacontent _aنص _btxt |
||
| 337 |
_2rdamedia _aبدون وسيط _bn |
||
| 338 |
_2rdacarrier _aمجلد _bnc |
||
| 541 | _cDonation. | ||
| 546 | _aالنص باللغة العربية وتم ترجمته من اللغة الإنجليزية. | ||
| 650 | 7 |
_aالقصص القصيرة العربية _zمصر _yقرن 21. |
|
| 653 | 7 |
_aBUEsh _bARALIT _cSeptember2021 |
|
| 655 | 7 |
_2BUEsh _vReading book _934232 |
|
| 700 | 1 |
_aزاهد، نديا، _eمؤلف. |
|
| 700 | 1 |
_aزغلول، هشام، _eمترجم. |
|
| 942 | _2ddc | ||